000 00850 a2200217 4500
008 240605b mp ||||| |||| 00| 0 mon d
020 _a978-99962-0-768-6
035 _a2751
040 _aHE0623081
_bmon
_cMN-UlNLM
_dMN-UlNLM
_erda
041 _amon
042 _a4018
084 _2NNA
_a82.3(5Мон)
_bЖ.249
245 0 _aБолдоггүй бор өвгөн
264 _aУБ.
_bМонсудар хэвлэлийн газар
_c2012
300 _a28х.
336 _2rdacontent
_atext
_btxt
337 _2rdamedia
_aunmediated
_bn
338 _2rdacarrier
_avolume
_bnc
650 _aЭртээ урьдын цагт долоон бор хоньтой, нисдэг, нисдэггүй бор морьтой Болдоггүй бор өвгөн гэж байжээ. Өвгөн үдэш бүр нисдэг бор мо...
942 _2NNA
_cBK
999 _c875265
_d875322